Top 15 non-English Languages by State (Michigan) - Statistics

General Stats
  • This quiz has been taken 24 times
  • The average score is 11 of 15
Answer Stats
Answer % Correct
Spanish
96%
Arabic
92%
German
92%
Polish
92%
Russian
88%
Chinese
83%
Italian
83%
Korean
83%
Tagalog
83%
Japanese
79%
Vietnamese
79%
Bengali
71%
Serbo-Croatian
54%
Albanian
33%
Syriac
4%
No matching quizzes found
Score Distribution
Percent of People with Each Score
Percentile by Number Answered
Your Score History
You have not taken this quiz